| 000 | 00841nam a2200265Ia 4500 | ||
|---|---|---|---|
| 001 | Z_2320 | ||
| 003 | CHAP | ||
| 008 | 220113s1991 xx 000 0 und d | ||
| 010 | _a165377 | ||
| 040 | _cCHAP | ||
| 090 | _aTesis D 829 | ||
| 100 |
_aDíaz Cárdenas, Benjamín _933416 |
||
| 245 |
_aEvaluación de fuentes de nutrientes para la mosca común (Musca domestica L.) en base a la producción de larva / _cpor Benjamín Díaz Cárdenas y Pablo Antonio Hernández Reyes |
||
| 260 |
_aChapingo, Méx. : _bEl autor, _c1991 |
||
| 300 | _a56 h. | ||
| 502 | _aTesis (Ing. Agr. Esp. en Zootecnia) -- UACH. Departamento de Zootecnia | ||
| 650 |
_aMusca domestica _979867 |
||
| 700 |
_aHernández Reyes, Pablo Antonio _954525 |
||
| 901 | _aTESIS D 829 | ||
| 902 | _aM | ||
| 910 | _a1991 | ||
| 942 | _c2 | ||
| 942 | _c2 | ||
| 999 |
_c165377 _d165377 |
||